Catalog

Record Details

Catalog Search



Bolest a naděje : Deset esejů o osobním zrání Cover Image Book Book

Bolest a naděje : Deset esejů o osobním zrání Uspořádal Jiří Němec, překlad - M. Černý

Němec, Jiří (Author). Černý, M. (Added Author).

Record details

  • Physical Description: 276 s.
  • Edition: Vydání první
  • Publisher: Praha Vyšehrad 1971

Available copies

  • 1 of 1 copy available at Common Catalog SPOK.

Holds

  • 0 current holds with 1 total copy.
Show All Copies
Location Call Number / Copy Notes Barcode Shelving Location Status Due Date
ETS Library 248 424470011852 Volný výběr Available -

LDR 00688nam a2 00253
00137224
003CZ-PrJAB
00520091027000000.0
008091027s1971 xr e |||| |cze
009cz
035 . ‡a(CONS)972
035 . ‡aKPS13202
040 . ‡aABG450
041 . ‡acze
08214. ‡a248
100 . ‡72820 ‡aNěmec, Jiří
245 . ‡aBolest a naděje : ‡bDeset esejů o osobním zrání ‡cUspořádal Jiří Němec, překlad - M. Černý
250 . ‡aVydání první
260 . ‡aPraha ‡bVyšehrad ‡c1971
300 . ‡a276 s.
653 . ‡aBolest a naděje
700 . ‡76994 ‡aČerný, M.
8524 . ‡bETS ‡bETS ‡cVolný výběr ‡j248 ‡gA ‡p424470011852
910 . ‡aABG450
999 . ‡a972 ‡bAUTOGEN ‡c972 ‡tbiblio
905 . ‡uadmin
901 . ‡a37224 ‡b ‡c37224 ‡tbiblio ‡sets

Additional Resources